Nejodebíranější Čeští a Slovenští Youtubeři - Statistics

General Stats
  • This quiz has been taken 1 428 times
    22 since last reset
  • The average score is 9 of 30
Answer Stats
Počet Odběratelů Youtuber % Correct
1. 11,159,394 FIZIstyle CZ
67%
14. 1,022,708 Kovy CZ
67%
5. 1,590,020 MenT CZ
61%
4. 1,727,170 Tary CZ
61%
10. 1,111,844 Jirka Král CZ
56%
6. 1,440,014 Stejk CZ
56%
3. 1,771,039 GoGoManTV SK
50%
9. 1,190,357 StudioMoonTV SK
39%
2. 2,406,332 Ara TV CZ
33%
17. 1,007,080 PedrosGame CZ
33%
27. 798,672 Vítek CZ
33%
20. 948,017 Duklock SK
28%
19. 979,438 Expl0ited SK
28%
8. 1,299,869 GEJMR CZ
28%
7. 1,317,331 HouseBox CZ
28%
13. 1,027,914 Pokeccc CZ
28%
26. 800,935 VladaVideos CZ
28%
21. 940,410 TVTwixx CZ
22%
11. 1,097,229 Asimister SK
17%
30. 776,792 Attack CZ
17%
23. 890,739 Baxtrix CZ
17%
29. 781,513 Hoggy CZ
17%
16. 1,018,053 Jon Marianek CZ
17%
24. 884,019 Mishovy silenosti CZ
17%
18. 999,430 Porty CZ
17%
12. 1,029,388 SirYakari CZ
17%
22. 922,808 FattyPillowTV CZ
11%
25. 818,143 menameselassie SK
11%
15. 1,021,004 RiZiPlaysTV CZ
11%
28. 787,346 Wedry CZ
11%
No matching quizzes found
Score Distribution
Percent of People with Each Score
Percentile by Number Answered
Your Score History
You have not taken this quiz since the last reset